| 000 | 00376nam a2200145Ia 4500 | ||
|---|---|---|---|
| 008 | 231217s9999 xx 000 0 und d | ||
| 041 | _aEnglish | ||
| 082 | _a001.64404 MIN;10 | ||
| 100 | _aMinoli, Daniel | ||
| 245 | 0 | _aInternet and intranet engineering | |
| 260 |
_c1999 _bTMH, _aNew Delhi |
||
| 300 | _axix+424 | ||
| 650 | _aInternet,intranet,engineering | ||
| 942 | _cAA | ||
| 999 |
_c171213 _d171213 |
||